বাংলা দেশের ইতিহাস / (Record no. 38640)
[ view plain ]
| 000 -LEADER | |
|---|---|
| fixed length control field | 01166nam a2200277 a 4500 |
| 001 - CONTROL NUMBER | |
| control field | 38640 |
| 003 - CONTROL NUMBER IDENTIFIER | |
| rucl marc code | BD-RjUL |
| 005 - DATE AND TIME OF LATEST TRANSACTION | |
| control field | 20211209052831.0 |
| 008 - FIXED-LENGTH DATA ELEMENTS--GENERAL INFORMATION | |
| fixed length control field | 150817s1975 ii ||||| |||| 001 0 ben d |
| 020 ## - INTERNATIONAL STANDARD BOOK NUMBER | |
| Terms of availability | : Tk. 80.00 (V-1) |
| Terms of availability | (V-4) |
| 035 ## - SYSTEM CONTROL NUMBER | |
| System control number | (BD-RjUL)38748 |
| 040 ## - CATALOGING SOURCE | |
| Original cataloging agency | BD-RjUL |
| Language of cataloging | ben |
| Transcribing agency | BD-RjUL |
| Modifying agency | BD-RjUL |
| 041 ## - LANGUAGE CODE | |
| Language code of text/sound track or separate title | ben |
| 082 ## - DEWEY DECIMAL CLASSIFICATION NUMBER | |
| Classification number | 954.14 |
| Author mark and year | MAB 1975 |
| Edition number | 23 |
| 100 1# - MAIN ENTRY--PERSONAL NAME | |
| Personal name | মজুমদার, রমেশচন্দ্র |
| 9 (RLIN) | 116616 |
| 245 10 - TITLE STATEMENT | |
| Title | বাংলা দেশের ইতিহাস / |
| Statement of responsibility, etc. | রমেশচন্দ্র মজুমদার প্রণীত |
| 250 ## - EDITION STATEMENT | |
| Edition statement | ১ম সং. |
| 260 ## - PUBLICATION, DISTRIBUTION, ETC. (IMPRINT) | |
| Place of publication, distribution, etc. | কলিকাতা : |
| Name of publisher, distributor, etc. | জেনারেল প্রিন্টার্স এণ্ড পাবলিশার্স, |
| Date of publication, distribution, etc. | ১৯৭৫ |
| 300 ## - PHYSICAL DESCRIPTION | |
| Pagination | খণ্ড : |
| Illustrations | চিত্র ; |
| Size | ২১ সেমি. |
| 504 ## - BIBLIOGRAPHY, ETC. NOTE | |
| Bibliography, etc | গ্রন্থপঞ্জী সংযুক্ত |
| 505 0# - FORMATTED CONTENTS NOTE | |
| Formatted contents note | খণ্ড ৪, (১৯০৫-১৯৪৭) [মুক্তিসংগ্রাম] --- |
| 651 ## - SUBJECT ADDED ENTRY--GEOGRAPHIC NAME | |
| Geographic name | বাংলাদেশ |
| General subdivision | ইতিহাস |
| 9 (RLIN) | 136280 |
| Geographic name | Bangladesh |
| General subdivision | History |
| 9 (RLIN) | 136281 |
| 942 ## - ADDED ENTRY ELEMENTS (KOHA) | |
| Source of classification or shelving scheme | Dewey Decimal Classification |
| Koha item type | Books |
| Lost status | Source of classification or shelving scheme | Damaged status | Not for loan | Collection code | Permanent Location | Current Location | Shelving location | Date acquired | Total Checkouts | Full call number | Date last seen | Date checked out | Copy number | Koha item type | Source of acquisition | Cost, normal purchase price |
|---|---|---|---|---|---|---|---|---|---|---|---|---|---|---|---|---|
| Dewey Decimal Classification | Non-fiction | Central Library, University of Rajshahi | Central Library, University of Rajshahi | 30/01/2016 | 3 | B 954.14 MAB V-4 1975 | 01/06/2023 | 16/05/2023 | C-2 | Books | ||||||
| Dewey Decimal Classification | Non-fiction | Central Library, University of Rajshahi | Central Library, University of Rajshahi | 30/06/1981 | B 954.14 MAB V-4 1975 | 08/11/2016 | C-1 | Books | Alighor library, Rajshahi. | 120.00 | ||||||
| Dewey Decimal Classification | Non-fiction | Central Library, University of Rajshahi | Central Library, University of Rajshahi | 30/06/1981 | B 954.14 MAB V-4 1975 | 08/11/2016 | C-3 | Books | Alighor library, Rajshahi. | 120.00 |